Úplné náklady práce za rok 1994 podľa výsledkov výberového zisťovania vo vybraných odvetviach

Na minha lista:
Detalhes bibliográficos
Formato: Livro
Idioma:eslovaco
Publicado em: Bratislava Štatistický úrad Slovenskej republiky 1995
Colecção:Štatistické čísla a grafy
Assuntos:
Tags: Adicionar Tag
Sem tags, seja o primeiro a adicionar uma tag!

MARC

LEADER 00000nam a2200000 4500
001 c017167
005 20260223065305.1
041 0 |a slo 
044 |a SK 
245 1 0 |a Úplné náklady práce za rok 1994 podľa výsledkov výberového zisťovania vo vybraných odvetviach 
264 1 |a Bratislava  |b Štatistický úrad Slovenskej republiky  |c 1995 
300 |a 97 s. 
490 1 |a Štatistické čísla a grafy 
830 0 |a Štatistické čísla a grafy 
610 2 0 |a Slovensko 
610 2 0 |a náklady práce 
610 2 0 |a zamestnanci